Sarmatische Zeit. : Gedichte. /
Uložené v:
| Hlavný autor: | |
|---|---|
| Médium: | Kniha |
| Jazyk: | German |
| Vydané: |
Berlin :
Union Verlag,
1967
|
| Vydanie: | 3. vyd. |
| Témy: | |
| ISBN: |
(viaz.) |
| Fyzický popis: |
99 s. |
| Tagy: |
Pridať tag
Žiadne tagy, Buďte prvý kto otaguje tento záznam!
|
Titul je dostupný aj v ... 

MARC
| LEADER | 00000nam a2200000 a 4500 | ||
|---|---|---|---|
| 001 | 000076708 | ||
| 003 | SVKK | ||
| 005 | 20020215000000.0 | ||
| 008 | 020115s1967 gw e gero | ||
| 020 | |a (viaz.) | ||
| 040 | |a SVKKK |b slo |c SVKKK |e AACR2 | ||
| 041 | 0 | |a ger | |
| 044 | |a gw |c DB | ||
| 080 | |a 830-1 Bobrowski, J. |2 1997 | ||
| 100 | 1 | |a Bobrowski, Johannes |4 aut | |
| 245 | 1 | 0 | |a Sarmatische Zeit. : |b Gedichte. / |c Johannes Bobrowski |
| 250 | |a 3. vyd. | ||
| 260 | |a Berlin : |b Union Verlag, |c 1967 | ||
| 300 | |a 99 s. | ||
| 655 | 7 | |a umelecká literatúra |2 SVKKKPH | |
| 910 | |a svkkk | ||
| 974 | |a UH |d 20020213 | ||
| 974 | |a KL |d 20020129 | ||
| 974 | |a MI |d 20020215 | ||
| 998 | |a BK | ||
| 090 | |g SCKHL |k Sklad Hlavná 10 prízemie |a I.71205 |j 943932 |i 2720406885 |s Absenčne | ||